Spanish art in New York (Record no. 7009)

MARC details
000 -CABECERA
campo de control de longitud fija 00801nam a2200229 a 4500
001 - NÚMERO DE CONTROL
campo de control BRCA_7333
005 - FECHA Y HORA DE LA ÚLTIMA TRANSACCIÓN
campo de control 20190320205810.0
008 - DATOS DE LONGITUD FIJA--INFORMACIÓN GENERAL
campo de control de longitud fija 240812s2004----u--ab#####---#000-0#eng-#
020 ## - NÚMERO INTERNACIONAL ESTÁNDAR DEL LIBRO
Número Internacional Estándar del Libro 8460921360
041 ## - CÓDIGO DE LENGUA
Código de lengua del texto/banda sonora o título independiente eng
044 ## - CÓDIGO DEL PAÍS DE LA ENTIDAD EDITORA/PRODUCTORA
Código MARC del país u
050 #4 - SIGNATURA TOPOGRÁFICA DE LA BIBLIOTECA DEL CONGRESO
Número de clasificación N620
Número de documento/Ítem .J56 2004
100 1# - ENTRADA PRINCIPAL--NOMBRE DE PERSONA
Nombre de persona Jiménez-Blanco, María Dolores
9 (RLIN) 18131
245 10 - MENCIÓN DE TÍTULO
Título Spanish art in New York
Resto del título guide
Mención de responsabilidad, etc. María Dolores Jímenez-Blanco, Cindy Mack ; with preface by Dore Ashton.
260 ## - PUBLICACIÓN, DISTRIBUCIÓN, ETC.
Lugar de publicación, distribución, etc. [Estados Unidos]
Nombre del editor, distribuidor, etc. Asociación de Amigos de la Hispanic Society of America
Fecha de publicación, distribución, etc. c2004
300 ## - DESCRIPCIÓN FÍSICA
Extensión 269 p.
Otras características físicas il. (algunas a color), mapas
Dimensiones 25 cm.
500 ## - NOTA GENERAL
Nota general Incluye índice alfabético
650 14 - PUNTO DE ACCESO ADICIONAL DE MATERIA--TÉRMINO DE MATERIA
Término de materia o nombre geográfico como elemento de entrada Arte español
Subdivisión geográfica Nueva York (Estados Unidos)
9 (RLIN) 18132
700 1# - PUNTO DE ACCESO ADICIONAL--NOMBRE DE PERSONA
Nombre de persona Mack, Cindy
Término indicativo de función/relación coaut.
9 (RLIN) 18133
700 1# - PUNTO DE ACCESO ADICIONAL--NOMBRE DE PERSONA
Nombre de persona Ashton, Dore
9 (RLIN) 18134
942 ## - ELEMENTOS DE PUNTO DE ACCESO ADICIONAL (KOHA)
Fuente del sistema de clasificación o colocación Library of Congress Classification
Tipo de ítem Koha Libros
Holdings
Estado de retiro Estado de pérdida Estado dañado No para préstamo Localización permanente Ubicación/localización actual Fecha de adquisición Total de préstamos Signatura topográfica completa Código de barras Fecha visto por última vez Precio válido a partir de Tipo de ítem Koha
El ejemplar forma parte de la colección y puede ser consultado según las políticas vigentes.       Biblioteca del Museo Franz Mayer (Rogerio Casas-Alatriste) Biblioteca del Museo Franz Mayer (Rogerio Casas-Alatriste) 24/08/2012   N620 .J56 2004 00672 22/03/2019 22/03/2019 Libros